[Event "Netanya Open 2019"]
[Site "Netanya"]
[Date "2019.06.28"]
[Round "6.8"]
[White "Parligras, Mircea-Emilian"]
[Black "Gorshtein, Ido"]
[Result "1-0"]
[WhiteElo "2638"]
[BlackElo "2367"]
[Annotator "TA"]
[PlyCount "65"]
[EventDate "2019.06.23"]
[EventType "swiss"]
[EventCountry "ISR"]
[SourceTitle "playchess.com"]
[Source "ChessBase"]
[SourceQuality "1"]

{[%evp 20,65,25,21,31,21,46,44,36,35,43,33,42,42,61,57,56,32,54,0,49,52,48,42,46,46,115,49,43,58,67,49,87,93,87,100,97,93,287,281,394,352,345,347,520,495,678,454]} 1. Nf3 Nf6 2. c4 e6 3. Nc3 Bb4 4. Qc2 O-O 5. a3 Bxc3 6. Qxc3 d6 7. b4 b6 8. Bb2 Bb7 9. g3 c5 10. Bg2 Nbd7 11. O-O Rc8 {A17: English Opening: 1...Nf6 with ...Bb4} (11... Qe7 12. d3 Rac8 13. e4 Rfd8 14. Rae1 Nf8 15. b5 Ng6 16. a4 a5 17. h3 h6 18. Nh2 Qf8 19. Qd2 Ne8 20. f4 d5 21. exd5 exd5 {1-0 (34) Bocharov,D (2583)-Socko,B (2593) Riadh 2017}) 12. Rac1 d5 13. cxd5 Bxd5 {White is slightly better.} 14. d3 cxb4 15. Qxb4 Nc5 16. Rc2 $146 ({Predecessor:} 16. Qf4 Ne8 17. a4 f6 18. Ba3 Rf7 19. Bh3 e5 20. Qh4 Be6 21. Bxc5 Bxh3 22. Qxh3 Rxc5 23. Rxc5 bxc5 {1-0 (45) Cvetkovic,S (2288)-Petrovic,T (1726) Paracin 2015}) 16... a5 17. Qh4 Nfd7 18. Qd4 {[%csl Gb2][%cal Rd4g7] [#]} f6 19. Qh4 (19. Nd2 $14) 19... Qe7 20. Rfc1 {aiming for d4.} Rcd8 21. Nd2 Bxg2 22. Kxg2 Kh8 (22... e5 $14) 23. Qc4 ({Better is} 23. a4 $16) 23... e5 $1 $14 24. Qb5 Rb8 25. a4 Qf7 26. Ba3 f5 27. Qc4 Qh5 28. Qd5 e4 $2 {[#]} (28... Rfe8 $16 {was called for.}) 29. Nxe4 $1 $18 {[%mdl 576] Pin} Rfd8 (29... Rbd8 $142 30. Nxc5 Nxc5) (29... fxe4 30. Qxh5) 30. Nd6 ({Less strong is} 30. Nxc5 Nxc5 31. Qc4 Qg6 $18) 30... Nf6 31. Qc6 ({Weaker is} 31. Qxf5 Rxd6 32. Qxh5 Nxh5 $16) 31... Ne6 (31... Rf8 $142 32. Bxc5 bxc5 33. Qxc5 Rbd8) 32. Qc4 Ng5 {And now ...Qh3+ would win.} 33. Qh4 {Accuracy: White = 68%, Black = 33%.} 1-0

[Event "Netanya Open 2019"]
[Site "Netanya"]
[Date "2019.06.28"]
[Round "6.9"]
[White "Kantsler, Boris"]
[Black "Sivuk, Vitaly"]
[Result "1/2-1/2"]
[WhiteElo "2420"]
[BlackElo "2547"]
[Annotator "ChessBase"]
[PlyCount "84"]
[EventDate "2019.06.23"]
[EventType "swiss"]
[EventCountry "ISR"]
[SourceTitle "playchess.com"]
[Source "ChessBase"]
[SourceQuality "1"]
[TimeControl "40/5400+30:1800+30"]

1. d4 {[%emt 0:00:00]} Nf6 {[%emt 0:00:00]} 2. c4 {[%emt 0:00:00]} g6 {[%emt 0:00:00]} 3. Nf3 {[%emt 0:00:17]} Bg7 {[%emt 0:00:02]} 4. g3 {[%emt 0:00:05]} c5 {[%emt 0:00:10]} 5. Bg2 {[%emt 0:00:49]} Qa5+ {[%emt 0:00:12]} 6. Nc3 {[%emt 0:03:03]} Ne4 {[%emt 0:00:31]} 7. Bd2 {[%emt 0:00:07]} Nxd2 {[%emt 0:01:08]} 8. Qxd2 {[%emt 0:00:02]} Nc6 {[%emt 0:07:14]} 9. dxc5 {[%emt 0:02:34]} Qxc5 {[%emt 0:01:50]} 10. Nd5 {[%emt 1:28:03]} O-O {[%emt 0:04:48]} 11. Rc1 {[%emt 0:00:00]} a5 {[%emt 0:01:47]} 12. O-O {[%emt 0:00:00]} Rb8 {[%emt 0:04:55]} 13. a3 {[%emt 0:00:00]} a4 {[%emt 0:01:28]} 14. Ne1 {[%emt 0:00:00]} b6 {[%emt 0:17:26]} 15. Nd3 {[%emt 0:00:00]} Qa5 {[%emt 0:01:05]} 16. Qf4 {[%emt 0:00:00]} Qa7 {[%emt 0:06:51]} 17. e3 {[%emt 0:00:00]} Ba6 {[%emt 0:06:57]} 18. Rc2 {[%emt 0:00:00]} e6 {[%emt 0:07:36]} 19. N5b4 {[%emt 0:00:00]} Nxb4 {[%emt 0:04:12]} 20. Nxb4 {[%emt 0:00:00]} Bb7 {[%emt 0:00:29]} 21. Bxb7 {[%emt 0:00:00]} Qxb7 {[%emt 0:00:40]} 22. Rfc1 {[%emt 0:00:00]} Rfd8 {[%emt 0:02:57]} 23. Nd3 {[%emt 0:00:00]} d6 {[%emt 0:00:47]} 24. Nb4 {[%emt 0:00:00]} Rbc8 {[%emt 0:00:59]} 25. Qg4 {[%emt 0:00:00]} Rc5 {[%emt 0:02:32]} 26. Qe2 {[%emt 0:00:00]} h5 {[%emt 0:01:22]} 27. Nd3 {[%emt 0:00:00]} Rc7 {[%emt 0:00:43]} 28. h4 {[%emt 0:00:00]} Rdc8 {[%emt 0:03:40]} 29. Nb4 {[%emt 0:00:00]} Qe4 {[%emt 0:01:22]} 30. f3 {[%emt 0:00:00]} Qe5 {[%emt 0:03:43]} 31. Kg2 {[%emt 0:00:00]} d5 {[%emt 0:01:16]} 32. Nd3 {[%emt 0:03:14]} Qd6 {[%emt 0:00:32]} 33. cxd5 {[%emt 0:00:25]} Rxc2 {[%emt 0:01:55]} 34. Rxc2 {[%emt 0:00:00]} Rxc2 {[%emt 0:00:10]} 35. Qxc2 {[%emt 0:00:01]} Qxd5 {[%emt 0:00:10]} 36. Nf2 {[%emt 0:02:47]} Qb5 {[%emt 0:05:46]} 37. Nd1 {[%emt 0:01:35]} Bf6 {[%emt 0:04:34]} 38. Kf2 {[%emt 0:00:14]} Qd7 {[%emt 0:05:23]} 39. Nc3 {[%emt 0:03:14]} Qc7 {[%emt 0:01:39]} 40. Qxa4 {[%emt 0:02:04]} Bxc3 {[%emt 0:00:10]} 41. bxc3 {[%emt 0:30:03]} Qxc3 {[%emt 0:30:09]} 42. Qb4 {[%emt 0:00:17]} Qc2+ {[%emt 0:00:50]} 1/2-1/2

[Event "Netanya Open 2019"]
[Site "Netanya"]
[Date "2019.06.28"]
[Round "6.10"]
[White "Rozentalis, Eduardas"]
[Black "Emanuel, Yahav"]
[Result "1-0"]
[WhiteElo "2540"]
[BlackElo "2359"]
[Annotator "ChessBase"]
[PlyCount "89"]
[EventDate "2019.06.23"]
[EventType "swiss"]
[EventCountry "ISR"]
[SourceTitle "playchess.com"]
[Source "ChessBase"]
[SourceQuality "1"]
[TimeControl "40/5400+30:1800+30"]

1. e4 {[%emt 0:00:00]} e5 {[%emt 0:00:00]} 2. Nf3 {[%emt 0:00:03]} Nc6 {[%emt 0:00:00]} 3. Bc4 {[%emt 0:00:10]} Nf6 {[%emt 0:00:01]} 4. d3 {[%emt 0:00:07]} Be7 {[%emt 0:00:23]} 5. O-O {[%emt 0:00:58]} O-O {[%emt 0:00:14]} 6. c3 {[%emt 0:00:10]} d5 {[%emt 0:04:18]} 7. exd5 {[%emt 0:05:32]} Nxd5 {[%emt 0:00:02]} 8. Re1 {[%emt 0:01:12]} Nb6 {[%emt 0:02:26]} 9. Bb5 {[%emt 0:01:41]} f6 {[%emt 0:01:50]} 10. Bxc6 {[%emt 0:05:11]} bxc6 {[%emt 0:00:02]} 11. d4 {[%emt 0:00:10]} exd4 {[%emt 0:04:20]} 12. Nxd4 {[%emt 0:02:35]} c5 {[%emt 0:12:38]} 13. Nc6 {[%emt 0:02:20]} Qxd1 {[%emt 0:00:08]} 14. Nxe7+ {[%emt 0:00:08]} Kf7 {[%emt 0:00:05]} 15. Rxd1 {[%emt 0:00:05]} Kxe7 {[%emt 0:00:10]} 16. Be3 {[%emt 0:01:56]} Re8 {[%emt 0:32:04]} 17. Bxc5+ {[%emt 0:04:35]} Kf7 {[%emt 0:00:55]} 18. b3 {[%emt 0:02:06]} Bf5 {[%emt 0:01:50]} 19. Na3 {[%emt 0:07:03]} c6 {[%emt 0:02:25]} 20. Bxb6 {[%emt 0:06:22]} axb6 {[%emt 0:00:02]} 21. Nc4 {[%emt 0:00:12]} Re2 {[%emt 0:02:00]} 22. a4 {[%emt 0:01:05]} Be6 {[%emt 0:07:19]} 23. Nxb6 {[%emt 0:12:17]} Ra6 {[%emt 0:01:00]} 24. a5 {[%emt 0:02:25]} Bxb3 {[%emt 0:00:21]} 25. Rd7+ {[%emt 0:00:36]} Kg6 {[%emt 0:01:46]} 26. h3 {[%emt 0:02:28]} Re5 {[%emt 0:11:39]} 27. Ra3 {[%emt 0:04:45]} Be6 {[%emt 0:08:49]} 28. Re7 {[%emt 0:02:01]} Bf5 {[%emt 0:01:06]} 29. Rxe5 {[%emt 0:03:33]} fxe5 {[%emt 0:00:01]} 30. Nc4 {[%emt 0:01:33]} Kf6 {[%emt 0:00:05]} 31. Nd6 {[%emt 0:00:19]} Be6 {[%emt 0:03:34]} 32. Ne8+ {[%emt 0:03:16]} Kf7 {[%emt 0:00:27]} 33. Nc7 {[%emt 0:00:07]} Ra7 {[%emt 0:00:07]} 34. Nxe6 {[%emt 0:00:11]} Kxe6 {[%emt 0:00:01]} 35. Kf1 {[%emt 0:00:49]} Kd5 {[%emt 0:03:52]} 36. Ke2 {[%emt 0:00:13]} Ra6 {[%emt 0:01:04]} 37. Ke3 {[%emt 0:00:20]} c5 {[%emt 0:00:28]} 38. f3 {[%emt 0:01:28]} g6 {[%emt 0:00:31]} 39. h4 {[%emt 0:00:35]} h6 {[%emt 0:00:36]} 40. Ra4 {[%emt 0:00:14]} c4 {[%emt 0:00:47]} 41. Ra1 {[%emt 0:30:15]} h5 {[%emt 0:15:14]} 42. Ra2 {[%emt 0:00:00]} Kd6 {[%emt 0:00:20]} 43. Ke4 {[%emt 0:00:00]} Ke6 {[%emt 0:00:03]} 44. g3 {[%emt 0:00:00]} Kd6 {[%emt 0:00:46]} 45. Rd2+ {[%emt 0:00:00]} 1-0

[Event "Netanya Open 2019"]
[Site "Netanya"]
[Date "2019.06.28"]
[Round "6.11"]
[White "Birnboim, Nathan"]
[Black "Kogan, Arthur"]
[Result "1-0"]
[WhiteElo "2379"]
[BlackElo "2535"]
[Annotator "ChessBase"]
[PlyCount "97"]
[EventDate "2019.06.23"]
[EventType "swiss"]
[EventCountry "ISR"]
[SourceTitle "playchess.com"]
[Source "ChessBase"]
[SourceQuality "1"]
[TimeControl "40/5400+30:1800+30"]

1. d4 {[%emt 0:00:00]} Nf6 {[%emt 0:00:00]} 2. c4 {[%emt 0:00:00]} e6 {[%emt 0:01:55]} 3. g3 {[%emt 0:00:00]} Bb4+ {[%emt 0:00:27]} 4. Bd2 {[%emt 0:00:02]} a5 {[%emt 0:00:12]} 5. Bg2 {[%emt 0:01:55]} d6 {[%emt 0:00:29]} 6. Nf3 {[%emt 0:00:25]} Nbd7 {[%emt 0:00:11]} 7. O-O {[%emt 0:01:17]} e5 {[%emt 0:00:20]} 8. Be3 {[%emt 0:10:03]} O-O {[%emt 0:03:51]} 9. Qc2 {[%emt 0:01:17]} exd4 {[%emt 0:05:18]} 10. Bxd4 {[%emt 0:00:20]} Re8 {[%emt 0:00:45]} 11. Nc3 {[%emt 0:02:01]} c6 {[%emt 0:02:48]} 12. Rad1 {[%emt 0:03:37]} Qe7 {[%emt 0:01:38]} 13. Nh4 {[%emt 0:09:11]} Nc5 {[%emt 0:11:06]} 14. Nf5 {[%emt 0:04:37]} Bxf5 {[%emt 0:00:41]} 15. Qxf5 {[%emt 0:00:08]} Nfd7 {[%emt 0:06:24]} 16. Qc2 {[%emt 0:06:13]} a4 {[%emt 0:03:00]} 17. b3 {[%emt 0:09:24]} a3 {[%emt 0:19:49]} 18. e3 {[%emt 0:04:53]} Ne6 {[%emt 0:04:49]} 19. Ne2 {[%emt 0:00:31]} Ne5 {[%emt 0:09:46]} 20. Ba1 {[%emt 0:01:53]} Ra5 {[%emt 0:05:30]} 21. Nd4 {[%emt 0:05:32]} Nxd4 {[%emt 0:06:17]} 22. Rxd4 {[%emt 0:00:59]} f6 {[%emt 0:02:07]} 23. Bc3 {[%emt 0:02:35]} Bxc3 {[%emt 0:00:39]} 24. Qxc3 {[%emt 0:00:05]} Raa8 {[%emt 0:00:38]} 25. Rfd1 {[%emt 0:00:17]} Nf7 {[%emt 0:00:37]} 26. b4 {[%emt 0:02:08]} Qe5 {[%emt 0:01:02]} 27. Qb3 {[%emt 0:02:15]} f5 {[%emt 0:01:55]} 28. Qd3 {[%emt 0:11:57]} Ra4 {[%emt 0:03:46]} 29. Rb1 {[%emt 0:00:51]} g6 {[%emt 0:00:27]} 30. Qb3 {[%emt 0:02:56]} Rea8 {[%emt 0:01:55]} 31. f4 {[%emt 0:01:54]} Qf6 {[%emt 0:02:44]} 32. Rd3 {[%emt 0:00:17]} Qe6 {[%emt 0:02:20]} 33. Rc3 {[%emt 0:05:54]} h5 {[%emt 0:01:02]} 34. b5 {[%emt 0:00:52]} Qe8 {[%emt 0:00:41]} 35. bxc6 {[%emt 0:01:57]} bxc6 {[%emt 0:00:03]} 36. Qb6 {[%emt 0:00:20]} R4a6 {[%emt 0:00:59]} 37. Qd4 {[%emt 0:00:20]} c5 {[%emt 0:01:46]} 38. Qf6 {[%emt 0:00:24]} d5 {[%emt 0:00:04]} 39. Rb6 {[%emt 0:00:27]} Rxb6 {[%emt 0:00:28]} 40. Qxb6 {[%emt 0:00:01]} d4 {[%emt 0:00:33]} 41. Qxg6+ {[%emt 0:36:14]} Kf8 {[%emt 0:30:16]} 42. Rb3 {[%emt 0:01:16]} dxe3 {[%emt 0:00:00]} 43. Kf1 {[%emt 0:00:00]} Rb8 {[%emt 0:00:00]} 44. Bc6 {[%emt 0:00:00]} e2+ {[%emt 0:02:03]} 45. Ke1 {[%emt 0:00:00]} Qd8 {[%emt 0:00:15]} 46. Bd5 {[%emt 0:00:00]} Nd6 {[%emt 0:00:13]} 47. Qg8+ {[%emt 0:00:00]} Ke7 {[%emt 0:00:05]} 48. Re3+ {[%emt 0:00:00]} Ne4 {[%emt 0:00:13]} 49. Qe6+ {[%emt 0:00:00]} 1-0

[Event "Netanya Open 2019"]
[Site "Netanya"]
[Date "2019.06.28"]
[Round "6.12"]
[White "Sivan, Yaacov"]
[Black "Baron, Tal"]
[Result "0-1"]
[WhiteElo "2320"]
[BlackElo "2524"]
[Annotator "ChessBase"]
[PlyCount "88"]
[EventDate "2019.06.23"]
[EventType "swiss"]
[EventCountry "ISR"]
[SourceTitle "playchess.com"]
[Source "ChessBase"]
[SourceQuality "1"]
[TimeControl "40/5400+30:1800+30"]

1. e4 {[%emt 0:00:00]} d6 {[%emt 0:01:25]} 2. d4 {[%emt 0:00:18]} Nf6 {[%emt 0:00:04]} 3. Nc3 {[%emt 0:00:14]} g6 {[%emt 0:00:06]} 4. Bg5 {[%emt 0:01:16]} Bg7 {[%emt 0:00:05]} 5. f3 {[%emt 0:01:10]} c6 {[%emt 0:00:08]} 6. Qd2 {[%emt 0:01:12]} b5 {[%emt 0:00:09]} 7. O-O-O {[%emt 0:10:26]} Qa5 {[%emt 0:01:39]} 8. Kb1 {[%emt 0:03:30]} Nbd7 {[%emt 0:00:55]} 9. Nce2 {[%emt 0:05:04]} Qxd2 {[%emt 0:02:46]} 10. Bxd2 {[%emt 0:04:36]} Bb7 {[%emt 0:03:57]} 11. Nc1 {[%emt 0:02:25]} O-O-O {[%emt 0:05:50]} 12. Nb3 {[%emt 0:02:59]} e5 {[%emt 0:01:59]} 13. Ba5 {[%emt 0:05:27]} Nb6 {[%emt 0:20:45]} 14. dxe5 {[%emt 0:00:37]} dxe5 {[%emt 0:05:56]} 15. Bd3 {[%emt 0:02:31]} Ne8 {[%emt 0:05:14]} 16. Ne2 {[%emt 0:02:10]} Bf8 {[%emt 0:03:58]} 17. Nec1 {[%emt 0:03:58]} Nc7 {[%emt 0:01:56]} 18. Be2 {[%emt 0:13:26]} Bd6 {[%emt 0:02:04]} 19. Nd3 {[%emt 0:15:00]} Nc4 {[%emt 0:00:47]} 20. Bb4 {[%emt 0:06:29]} Ne3 {[%emt 0:01:31]} 21. Bxd6 {[%emt 0:02:23]} Rxd6 {[%emt 0:00:01]} 22. Rdg1 {[%emt 0:03:38]} Re8 {[%emt 0:01:07]} 23. Ndc5 {[%emt 0:00:50]} Kb8 {[%emt 0:01:33]} 24. Bd3 {[%emt 0:00:50]} Bc8 {[%emt 0:04:50]} 25. g4 {[%emt 0:01:07]} Ne6 {[%emt 0:01:21]} 26. Nxe6 {[%emt 0:00:41]} Bxe6 {[%emt 0:00:02]} 27. Nc5 {[%emt 0:00:17]} Kc7 {[%emt 0:00:31]} 28. b3 {[%emt 0:02:37]} Bc8 {[%emt 0:00:26]} 29. Rg3 {[%emt 0:02:16]} a5 {[%emt 0:01:43]} 30. a3 {[%emt 0:07:33]} Kb6 {[%emt 0:00:17]} 31. b4 {[%emt 0:00:00]} Red8 {[%emt 0:03:57]} 32. Kb2 {[%emt 0:00:00]} Rd4 {[%emt 0:02:56]} 33. Nb3 {[%emt 0:00:00]} axb4 {[%emt 0:00:12]} 34. Nxd4 {[%emt 0:00:00]} bxa3+ {[%emt 0:00:01]} 35. Kxa3 {[%emt 0:00:00]} exd4 {[%emt 0:00:03]} 36. g5 {[%emt 0:00:01]} c5 {[%emt 0:00:45]} 37. Kb2 {[%emt 0:00:32]} c4 {[%emt 0:00:05]} 38. Be2 {[%emt 0:00:24]} c3+ {[%emt 0:02:28]} 39. Kb1 {[%emt 0:00:53]} Be6 {[%emt 0:00:02]} 40. f4 {[%emt 0:01:00]} Ra8 {[%emt 0:00:39]} 41. Rxe3 {[%emt 0:15:40]} dxe3 {[%emt 0:01:28]} 42. Re1 {[%emt 0:00:10]} Ba2+ {[%emt 0:02:04]} 43. Kc1 {[%emt 0:02:46]} Ra4 {[%emt 0:01:14]} 44. Bd3 {[%emt 0:04:13]} e2 {[%emt 0:00:14]} 0-1

[Event "Netanya Open 2019"]
[Site "Netanya"]
[Date "2019.06.28"]
[Round "6.13"]
[White "Dvoirys, Semen I."]
[Black "Globus, Or"]
[Result "1-0"]
[WhiteElo "2502"]
[BlackElo "2352"]
[Annotator "ChessBase"]
[PlyCount "51"]
[EventDate "2019.06.23"]
[EventType "swiss"]
[EventCountry "ISR"]
[SourceTitle "playchess.com"]
[Source "ChessBase"]
[SourceQuality "1"]
[TimeControl "40/5400+30:1800+30"]

1. e4 {[%emt 0:00:00]} c6 {[%emt 0:00:00]} 2. d4 {[%emt 0:00:00]} d5 {[%emt 0:00:00]} 3. Nd2 {[%emt 0:00:02]} dxe4 {[%emt 0:00:00]} 4. Nxe4 {[%emt 0:00:16]} Bf5 {[%emt 0:00:00]} 5. Ng3 {[%emt 0:00:04]} Bg6 {[%emt 0:00:00]} 6. h4 {[%emt 0:00:06]} h6 {[%emt 0:00:00]} 7. Nf3 {[%emt 0:00:07]} Nd7 {[%emt 0:00:03]} 8. h5 {[%emt 0:00:08]} Bh7 {[%emt 0:00:03]} 9. Bd3 {[%emt 0:00:06]} Bxd3 {[%emt 0:00:04]} 10. Qxd3 {[%emt 0:00:05]} e6 {[%emt 0:00:02]} 11. Bd2 {[%emt 0:00:44]} Ngf6 {[%emt 0:00:05]} 12. O-O-O {[%emt 0:00:09]} Be7 {[%emt 0:00:03]} 13. Qe2 {[%emt 0:00:37]} Qb6 {[%emt 0:06:22]} 14. Ne5 {[%emt 0:01:53]} Rd8 {[%emt 0:12:45]} 15. Rhe1 {[%emt 0:26:45]} c5 {[%emt 0:11:40]} 16. Nf5 {[%emt 0:07:13]} cxd4 {[%emt 0:11:33]} 17. Ng6 {[%emt 0:00:17]} fxg6 {[%emt 0:19:42]} 18. Nxg7+ {[%emt 0:00:10]} Kf7 {[%emt 0:00:36]} 19. Nxe6 {[%emt 0:00:10]} gxh5 {[%emt 0:02:21]} 20. Qc4 {[%emt 0:05:02]} Rdg8 {[%emt 0:09:49]} 21. Nxd4+ {[%emt 0:05:42]} Kf8 {[%emt 0:02:15]} 22. Rxe7 {[%emt 0:01:00]} Kxe7 {[%emt 0:03:42]} 23. Re1+ {[%emt 0:06:47]} Kd8 {[%emt 0:00:51]} 24. Ne6+ {[%emt 0:00:11]} Ke8 {[%emt 0:00:43]} 25. Nc5+ {[%emt 0:03:56]} Kd8 {[%emt 0:02:00]} 26. Ba5 {[%emt 0:00:14]} 1-0

[Event "Netanya Open 2019"]
[Site "Netanya"]
[Date "2019.06.28"]
[Round "6.14"]
[White "Poleg, Dan"]
[Black "Zoler, Dan"]
[Result "0-1"]
[WhiteElo "2271"]
[BlackElo "2499"]
[Annotator "ChessBase"]
[PlyCount "58"]
[EventDate "2019.06.23"]
[EventType "swiss"]
[EventCountry "ISR"]
[SourceTitle "playchess.com"]
[Source "ChessBase"]
[SourceQuality "1"]
[TimeControl "40/5400+30:1800+30"]

1. d4 {[%emt 0:00:00]} Nf6 {[%emt 0:00:00]} 2. c4 {[%emt 0:00:00]} e6 {[%emt 0:00:00]} 3. Nf3 {[%emt 0:00:00]} b6 {[%emt 0:00:00]} 4. a3 {[%emt 0:00:13]} Bb7 {[%emt 0:00:00]} 5. Nc3 {[%emt 0:00:17]} g6 {[%emt 0:00:00]} 6. Bg5 {[%emt 0:00:22]} Bg7 {[%emt 0:00:04]} 7. e3 {[%emt 0:00:21]} h6 {[%emt 0:00:56]} 8. Bh4 {[%emt 0:00:43]} d6 {[%emt 0:01:41]} 9. Be2 {[%emt 0:00:33]} Nbd7 {[%emt 0:01:02]} 10. d5 {[%emt 0:03:26]} exd5 {[%emt 0:20:11]} 11. cxd5 {[%emt 0:02:46]} O-O {[%emt 0:00:13]} 12. O-O {[%emt 0:09:27]} Re8 {[%emt 0:02:07]} 13. Rc1 {[%emt 0:01:25]} a6 {[%emt 0:00:35]} 14. b4 {[%emt 0:00:49]} b5 {[%emt 0:07:21]} 15. Nd4 {[%emt 0:12:17]} Nb6 {[%emt 0:18:05]} 16. Bf3 {[%emt 0:02:08]} Qd7 {[%emt 0:11:05]} 17. e4 {[%emt 0:05:57]} Nc4 {[%emt 0:04:36]} 18. a4 {[%emt 0:14:10]} Nb2 {[%emt 0:00:39]} 19. Qc2 {[%emt 0:00:19]} Nxa4 {[%emt 0:00:13]} 20. Nxa4 {[%emt 0:00:22]} bxa4 {[%emt 0:00:02]} 21. Rfd1 {[%emt 0:08:18]} g5 {[%emt 0:01:32]} 22. Bg3 {[%emt 0:00:55]} g4 {[%emt 0:00:22]} 23. Be2 {[%emt 0:00:23]} Nxe4 {[%emt 0:05:36]} 24. Qxc7 {[%emt 0:13:03]} Qxc7 {[%emt 0:00:45]} 25. Rxc7 {[%emt 0:00:05]} Nxg3 {[%emt 0:00:14]} 26. hxg3 {[%emt 0:00:19]} Bxd4 {[%emt 0:02:14]} 27. Rxd4 {[%emt 0:00:06]} Rxe2 {[%emt 0:00:03]} 28. Rxg4+ {[%emt 0:00:24]} Kh8 {[%emt 0:00:48]} 29. Rxb7 {[%emt 0:01:35]} a3 {[%emt 0:01:40]} 0-1

[Event "Netanya Open 2019"]
[Site "Netanya"]
[Date "2019.06.28"]
[Round "6.15"]
[White "Bar, Roman"]
[Black "Friedland, Moshe"]
[Result "1-0"]
[WhiteElo "2497"]
[BlackElo "2298"]
[Annotator "ChessBase"]
[PlyCount "153"]
[EventDate "2019.06.23"]
[EventType "swiss"]
[EventCountry "ISR"]
[SourceTitle "playchess.com"]
[Source "ChessBase"]
[SourceQuality "1"]
[TimeControl "40/5400+30:1800+30"]

1. e4 {[%emt 0:00:00]} c5 {[%emt 0:00:00]} 2. Nc3 {[%emt 0:00:17]} a6 {[%emt 0:00:00]} 3. Nge2 {[%emt 0:01:39]} d6 {[%emt 0:00:36]} 4. g3 {[%emt 0:00:20]} Nf6 {[%emt 0:00:06]} 5. Bg2 {[%emt 0:00:09]} e5 {[%emt 0:00:37]} 6. O-O {[%emt 0:00:14]} Be7 {[%emt 0:00:05]} 7. d3 {[%emt 0:02:42]} O-O {[%emt 0:01:13]} 8. h3 {[%emt 0:01:13]} Nc6 {[%emt 0:02:14]} 9. a4 {[%emt 0:04:10]} Bd7 {[%emt 0:06:02]} 10. g4 {[%emt 0:07:21]} Nd4 {[%emt 0:08:47]} 11. Ng3 {[%emt 0:02:09]} Ne8 {[%emt 0:05:47]} 12. f4 {[%emt 0:14:32]} exf4 {[%emt 0:07:03]} 13. Bxf4 {[%emt 0:00:47]} Nc7 {[%emt 0:02:20]} 14. Nd5 {[%emt 0:08:00]} Nxd5 {[%emt 0:14:32]} 15. exd5 {[%emt 0:00:41]} Qb6 {[%emt 0:00:44]} 16. c3 {[%emt 0:31:52]} Nb3 {[%emt 0:00:17]} 17. Ra3 {[%emt 0:00:09]} c4+ {[%emt 0:02:08]} 18. d4 {[%emt 0:00:07]} Qd8 {[%emt 0:02:28]} 19. Qe2 {[%emt 0:03:24]} Rc8 {[%emt 0:04:38]} 20. Be4 {[%emt 0:01:14]} Re8 {[%emt 0:10:00]} 21. Qf3 {[%emt 0:01:35]} Kh8 {[%emt 0:01:20]} 22. Bc2 {[%emt 0:05:15]} b6 {[%emt 0:04:17]} 23. Qe4 {[%emt 0:05:09]} g6 {[%emt 0:01:19]} 24. Qf3 {[%emt 0:00:02]} Ra8 {[%emt 0:06:40]} 25. Ne4 {[%emt 0:00:56]} f5 {[%emt 0:01:01]} 26. Nxd6 {[%emt 0:05:42]} Bxd6 {[%emt 0:00:43]} 27. Bxd6 {[%emt 0:00:02]} Nd2 {[%emt 0:02:30]} 28. Qf4 {[%emt 0:00:05]} Nxf1 {[%emt 0:00:43]} 29. Be5+ {[%emt 0:00:06]} Kg8 {[%emt 0:00:15]} 30. gxf5 {[%emt 0:00:48]} Bxf5 {[%emt 0:04:35]} 31. Bxf5 {[%emt 0:00:21]} Rxe5 {[%emt 0:00:45]} 32. Qxe5 {[%emt 0:03:03]} gxf5 {[%emt 0:02:09]} 33. Kxf1 {[%emt 0:00:19]} Qh4 {[%emt 0:00:50]} 34. Kg2 {[%emt 0:01:29]} f4 {[%emt 0:03:20]} 35. Qe6+ {[%emt 0:00:05]} Kg7 {[%emt 0:00:15]} 36. Qg4+ {[%emt 0:00:25]} Qxg4+ {[%emt 0:00:15]} 37. hxg4 {[%emt 0:00:04]} Kf6 {[%emt 0:01:01]} 38. Kf3 {[%emt 0:01:07]} Kg5 {[%emt 0:00:14]} 39. Ra1 {[%emt 0:00:13]} Re8 {[%emt 0:00:58]} 40. Rh1 {[%emt 0:01:34]} Re3+ {[%emt 0:00:29]} 41. Kf2 {[%emt 0:30:24]} Kxg4 {[%emt 0:30:06]} 42. Rxh7 {[%emt 0:00:00]} Rf3+ {[%emt 0:00:00]} 43. Kg2 {[%emt 0:00:00]} Rg3+ {[%emt 0:00:00]} 44. Kf2 {[%emt 0:00:00]} Rf3+ {[%emt 0:00:00]} 45. Ke2 {[%emt 0:00:00]} Re3+ {[%emt 0:00:00]} 46. Kd2 {[%emt 0:00:00]} Rd3+ {[%emt 0:00:00]} 47. Kc2 {[%emt 0:00:00]} Re3 {[%emt 0:00:00]} 48. d6 {[%emt 0:00:00]} Re6 {[%emt 0:00:00]} 49. d7 {[%emt 0:00:00]} Rd6 {[%emt 0:00:00]} 50. Kd2 {[%emt 0:00:00]} Kf3 {[%emt 0:00:00]} 51. Rf7 {[%emt 0:00:00]} b5 {[%emt 0:00:00]} 52. a5 {[%emt 0:00:00]} Kg3 {[%emt 0:00:00]} 53. Ke2 {[%emt 0:00:00]} Re6+ {[%emt 0:00:00]} 54. Kf1 {[%emt 0:00:00]} Rd6 {[%emt 0:00:00]} 55. Rg7+ {[%emt 0:00:00]} Kf3 {[%emt 0:00:00]} 56. Re7 {[%emt 0:00:00]} Rd5 {[%emt 0:00:00]} 57. Ke1 {[%emt 0:00:00]} Rd6 {[%emt 0:00:00]} 58. Rf7 {[%emt 0:00:17]} Re6+ {[%emt 0:03:02]} 59. Kd2 {[%emt 0:00:17]} Rd6 {[%emt 0:00:07]} 60. Rf6 {[%emt 0:00:42]} Rxd7 {[%emt 0:00:07]} 61. Rxa6 {[%emt 0:00:05]} Rh7 {[%emt 0:01:44]} 62. Rb6 {[%emt 0:03:43]} Rh2+ {[%emt 0:00:08]} 63. Kc1 {[%emt 0:00:04]} Rh1+ {[%emt 0:05:04]} 64. Kc2 {[%emt 0:00:04]} Rh2+ {[%emt 0:00:05]} 65. Kb1 {[%emt 0:00:49]} Rh1+ {[%emt 0:01:16]} 66. Ka2 {[%emt 0:00:28]} Ke2 {[%emt 0:00:11]} 67. a6 {[%emt 0:00:36]} Rh7 {[%emt 0:00:09]} 68. Re6+ {[%emt 0:00:54]} Kd2 {[%emt 0:00:40]} 69. Rf6 {[%emt 0:00:11]} Ke3 {[%emt 0:00:05]} 70. Ka3 {[%emt 0:00:32]} f3 {[%emt 0:01:20]} 71. Kb4 {[%emt 0:02:34]} Rh2 {[%emt 0:00:34]} 72. a7 {[%emt 0:01:19]} Rxb2+ {[%emt 0:01:03]} 73. Ka3 {[%emt 0:01:02]} Rb3+ {[%emt 0:00:04]} 74. Ka2 {[%emt 0:00:03]} Kd2 {[%emt 0:00:34]} 75. a8=Q {[%emt 0:02:11]} Kc1 {[%emt 0:00:06]} 76. Qa3+ {[%emt 0:00:18]} Kc2 {[%emt 0:00:11]} 77. Rxf3 {[%emt 0:00:24]} 1-0